Daňové konanie a konkurz

Zákonom č. 240/2000 Z.z., ktorý nadobudol účinnosť 1.8.2000 sa menil a dopĺňal náväzne na zákon č. 328/1991 Zb. o konkurze a vyrovnaní i zákon č. 511/1992 Zb. o správe daní a poplatkov. V zákone o správe daní sa zaviedla ôsma časť - osobitné ustanovenia pre konkurzné konanie a vyrovnacie konanie. Tá...

Ausführliche Beschreibung

Gespeichert in:
Bibliographische Detailangaben
Format: Buchkapitel
Sprache:Slowakisch
Schlagworte:
Tags: Tag hinzufügen
Keine Tags, Fügen Sie das erste Tag hinzu!

MARC

LEADER 00000naa a2200000 4500
001 r043144
005 20231003084704.8
041 0 |a slo 
044 |a SK 
245 1 0 |a Daňové konanie a konkurz 
520 |a Zákonom č. 240/2000 Z.z., ktorý nadobudol účinnosť 1.8.2000 sa menil a dopĺňal náväzne na zákon č. 328/1991 Zb. o konkurze a vyrovnaní i zákon č. 511/1992 Zb. o správe daní a poplatkov. V zákone o správe daní sa zaviedla ôsma časť - osobitné ustanovenia pre konkurzné konanie a vyrovnacie konanie. Táto časť rieši prihlasovanie daňových pohľadávok a účinky vyhlásenia konkurzu a povolenia vyrovnania. 
610 2 0 |a konanie daňové 
610 2 0 |a konkurzy 
610 2 0 |a konanie konkurzné 
610 2 0 |a vyrovnanie 
610 2 0 |a pohľadávky 
610 2 0 |a veritelia 
610 2 0 |a kontrola daňová 
610 2 0 |a správa daňová